Khái quát về quản lí giáo dục và quản lí nhà trường Tài liệu dùng cho bồi dưỡng quản lí - hiệu trưởng, hiệu phó trường mầm non
Đã lưu trong:
| Tác giả chính: | |
|---|---|
| Định dạng: | Sách |
| Năm xuất bản: |
Quảng Bình
Trường cao đẳng sư phạm Quảng Bình
2002
|
| Chủ đề: | |
| Tags: |
Thêm thẻ
Không có thẻ, Hãy là người đầu tiên gắn thẻ bản ghi này!
|
| LEADER | 00764nam a2200181 4500 | ||
|---|---|---|---|
| 999 | |c 14974 |d 14974 | ||
| 082 | |a 372.21 |b NG527H | ||
| 100 | |a Nguyễn Huỳnh Phán | ||
| 245 | |a Khái quát về quản lí giáo dục và quản lí nhà trường |b Tài liệu dùng cho bồi dưỡng quản lí - hiệu trưởng, hiệu phó trường mầm non |c Nguyễn Huỳnh Phán | ||
| 260 | |a Quảng Bình |b Trường cao đẳng sư phạm Quảng Bình |c 2002 | ||
| 300 | |a 193 tr |c 29 cm | ||
| 520 | |a | ||
| 653 | |a Giáo dục | ||
| 653 | |a quản lí | ||
| 653 | |a Trường mầm non | ||
| 653 | |a Bài giảng | ||
| 942 | |2 ddc |c TC | ||
| 952 | |0 0 |1 0 |2 ddc |4 0 |6 372_210000000000000_NG527H |7 0 |8 300 |9 113546 |a qbu |b qbu |c D1 |d 2017-10-18 |o 372.21 NG527H |p BG559.C1 |r 2017-10-18 |w 2017-10-18 |y TC | ||